| 000 | 00361 a2200109 4500 | ||
|---|---|---|---|
| 001 | ART_27799 | ||
| 005 | 20260410161949.0 | ||
| 008 | 260409a | ||
| 245 | 1 | 0 | _aLa educación superior universitaria, ¿un desafío para la alfabetización? |
| 100 | 1 | _aFernandez, María del Rosario | |
| 773 | 0 |
_tInvenio _g- Año 1, Nº 2 (nov. 1998) _wREV27781 |
|
| 999 |
_c30232 _d30232 |
||